10 công nghệ thân thiện với môi trường /

שמור ב:
מידע ביבליוגרפי
מחבר ראשי: Phú Đức.
פורמט: Bài viết
שפה:Vietnamese
נושאים:
תגים: הוספת תג
אין תגיות, היה/י הראשונ/ה לתייג את הרשומה!
Thư viện lưu trữ: Thư viện Trường Đại học Đà Lạt
LEADER 00743nam a2200265 4500
001 DLU110125199
005 ##20110916
040 # # |a DLU  |b vie 
041 # # |a vie 
044 # # |a vn 
100 # # |a Phú Đức. 
245 # # |a 10 công nghệ thân thiện với môi trường /  |c Phú Đức. 
653 # # |a Bảo vệ môi trường 
653 # # |a Năng lượng mặt trời 
653 # # |a Xử lí rác 
773 # # |t Công nghiệp  |g Số 11, 2008, tr. 28-29 
920 # # |a Phòng Tạp chí -- Trung tâm Thông tin - Thư viện Trường Đại học Đà Lạt 
994 # # |a DLU 
900 # # |a True 
911 # # |a Nguyễn Thị Linh Chi 
925 # # |a G 
926 # # |a A 
927 # # |a BB 
980 # # |a Thư viện Trường Đại học Đà Lạt